000 00296nam a22001337a 4500
008 181015b xxu||||| |||| 00| 0 eng d
020 _a615269939215
041 _aeng
080 _a038
100 _a23
101 _aFJA
245 _aWebster's Standard Dictionary
_cWebster
942 _2udc
_cBK
999 _c49621
_d49621